Paroles Grégoire - rue des étoiles - Statistiques

Statistiques générales
  • Ce quiz a été pris 500 fois
  • Le résultat moyen est 177 sur 248
Statistiques - réponses
Hint Réponse % Correct
de
98%
De
98%
des
98%
et
97%
Et
97%
étoiles
97%
Rue
97%
à
96%
À
96%
94%
la
94%
La
94%
94%
moi
93%
je
91%
Je
91%
le
89%
Jupiter
88%
après
87%
pas
87%
Pas
87%
Refrain Retrouve
87%
un
86%
en
84%
On
84%
on
84%
te
84%
va
83%
mon
82%
tout
81%
ce
80%
deux
80%
pour
80%
toi
80%
Pont Toi
80%
suis
79%
voir
79%
dans
78%
Dans
78%
peut
78%
qui
78%
Qui
78%
bus
77%
deuxième
77%
l'univers
77%
mer
77%
77%
se
77%
Vénus
77%
endroit
76%
mal
76%
Tu
76%
tu
76%
les
75%
connais
74%
D'où
74%
sur
74%
vaisseau
74%
Couplet 1 Allo
72%
Mercure
72%
bord
71%
Lune
71%
spatial
71%
ton
71%
du
70%
jusqu'à
69%
l'on
69%
Ta
68%
t'a
68%
une
67%
Y
67%
celui
66%
Mars
66%
Il
65%
C'est
64%
c'est
64%
Que
64%
Terre
64%
41
63%
d'astéroïdes
61%
J'ai
61%
loin
61%
passe
61%
plus
61%
trop
61%
tunnel
61%
ligne
60%
Saturne
60%
l'espace
59%
monde
59%
avait
58%
boulevard
58%
mec
58%
rappellera
58%
soir
58%
volé
58%
garce
57%
ancien
56%
avant
56%
pris
56%
Car
55%
noir
55%
qu'habite
55%
trou
55%
n'ira
54%
soeur
54%
Pluton
53%
sais
52%
vingt
52%
Attends
50%
n'entends
50%
Neptune
49%
l'Azur
48%
rêves
48%
descendre
47%
galaxie
47%
peindre
47%
planètes
47%
s'arrête
47%
fallait
46%
pourrait
45%
Mais
44%
mari
44%
Uranus
44%
n'irais
43%
disais
42%
l'éther
42%
terminus
42%
rejoindre
41%
Soleil
40%
tes
39%
avec
37%
comètes
37%
faudra
35%
chose
34%
est-tu
33%
sans
33%
Aussi
31%
suivre
31%
baladera
29%
ivre
29%
apercevra
28%
d'autre
27%
vivre
27%
nuits
26%
sommeil
26%
tellement
26%
overdose
25%
t'apprendrais
25%
l'infini
24%
oublie
24%
jusqu'au
23%
L'envie
22%
Aucun quiz correspondant
Distribution des résultats
% des personnes avec chaque résultat
Percentile par nombre de réponses
Votre historique - résultats
Vous n’avez pas pris ce quiz